| 000 | 00594nam a22001817a 4500 | ||
|---|---|---|---|
| 999 |
_c194966 _d194966 |
||
| 005 | 20230317152144.0 | ||
| 010 | _aENG-136114 | ||
| 020 | _c60.00 | ||
| 035 | _aEN-119646 | ||
| 037 | _bDBAD/PUB | ||
| 082 | _a270.273 | ||
| 100 | _aMaududi, Maulana Sayyid Abul A'la | ||
| 245 |
_aIslam and Modern Economic Theories / _cBy Sayyid Abul A'la Maududi |
||
| 260 |
_aNew Delhi _bMarkazi Maktaba Islami _c2011 |
||
| 270 |
_aD-307, Abul Fazl Enclave, Jamia Nagar Okhla _bNew Delhi _e110025 _mmmipub@nda.vsnl.net.in |
||
| 300 |
_a123p. _c22cm(pbk) |
||
| 942 |
_2ddc _cEN _h270.273 _mMAU |
||